| 000 -LEADER |
| fixed length control field |
03052cam a2200457 i 4500 |
| 001 - CONTROL NUMBER |
| control field |
20595436 |
| 003 - CONTROL NUMBER IDENTIFIER |
| control field |
NUST |
| 005 - DATE AND TIME OF LATEST TRANSACTION |
| control field |
20220828182330.0 |
| 008 - FIXED-LENGTH DATA ELEMENTS--GENERAL INFORMATION |
| fixed length control field |
180723s2018 nyu 000 p eng |
| 010 ## - LIBRARY OF CONGRESS CONTROL NUMBER |
| LC control number |
2018028191 |
| 020 ## - INTERNATIONAL STANDARD BOOK NUMBER |
| International Standard Book Number |
9781501179525 (hardcover) |
| 020 ## - INTERNATIONAL STANDARD BOOK NUMBER |
| Canceled/invalid ISBN |
9781501179549 (ebook) |
| 038 ## - RECORD CONTENT LICENSOR |
| Staff Name |
Azhar |
| 040 ## - CATALOGING SOURCE |
| Original cataloging agency |
DLC |
| Language of cataloging |
eng |
| Transcribing agency |
DLC |
| Description conventions |
rda |
| Modifying agency |
DLC |
| 041 1# - LANGUAGE CODE |
| Language code of text/sound track or separate title |
eng |
| -- |
spa |
| Language code of original |
eng |
| 042 ## - AUTHENTICATION CODE |
| Authentication code |
pcc |
| 050 00 - LIBRARY OF CONGRESS CALL NUMBER |
| Classification number |
PS3573.A425 |
| Item number |
A57 2018 |
| 082 00 - DEWEY DECIMAL CLASSIFICATION NUMBER |
| Classification number |
811.54 |
| Edition number |
23 |
| Author Mark |
WAL |
| 084 ## - OTHER CLASSIFICATION NUMBER |
| Classification number |
POE005050 |
| Number source |
bisacsh |
| 100 1# - MAIN ENTRY--PERSONAL NAME |
| Personal name |
Walker, Alice, |
| Dates associated with a name |
1944- |
| Relator term |
author. |
| 9 (RLIN) |
94766 |
| 245 10 - TITLE STATEMENT |
| Title |
Taking the arrow out of the heart : |
| Remainder of title |
poems |
| Statement of responsibility, etc. |
Alice Walker ; translated by Manuel Garcia Verdecia. |
| 250 ## - EDITION STATEMENT |
| Edition statement |
First 37 Ink/Atria Books hardcover edition. |
| 260 ## - PUBLICATION, DISTRIBUTION, ETC. |
| Place of publication, distribution, etc. |
New York : |
| Name of publisher, distributor, etc. |
37 Ink/Atria Books, |
| Date of publication, distribution, etc. |
2018 |
| 300 ## - PHYSICAL DESCRIPTION |
| Extent |
xxvi, 259 p |
| Dimensions |
25 cm |
| 336 ## - CONTENT TYPE |
| Content type term |
text |
| Content type code |
txt |
| Source |
rdacontent |
| 337 ## - MEDIA TYPE |
| Media type term |
unmediated |
| Media type code |
n |
| Source |
rdamedia |
| 338 ## - CARRIER TYPE |
| Carrier type term |
volume |
| Carrier type code |
nc |
| Source |
rdacarrier |
| 500 ## - GENERAL NOTE |
| General note |
Poems were translated into Spanish by the Cuban poet and translator Manuel García Verdecia. |
| 520 ## - SUMMARY, ETC. |
| Summary, etc. |
"Alice Walker, author of the National Book Award and Pulitzer Prize-winning The Color Purple--"an American novel of permanent importance" (San Francisco Chronicle)--crafts a bilingual collection that is both playfully imaginative and intensely moving. Presented in both English and Spanish, Alice Walker shares a timely collection of nearly seventy works of passionate and powerful poetry that bears witness to our troubled times, while also chronicling a life well-lived. From poems of painful self-inquiry, to celebrating the simple beauty of baking frittatas, Walker offers us a window into her magical, at times difficult, and liberating world of activism, love, hope and, above all, gratitude. Whether she's urging us to preserve an urban paradise or behold the delicate necessity of beauty to the spirit, Walker encourages us to honor the divine that lives inside all of us and brings her legendary free verse to the page once again, demonstrating that she remains a revolutionary poet and an inspiration to generations of fans"-- |
| Assigning source |
Provided by publisher. |
| 546 ## - LANGUAGE NOTE |
| Language note |
The poems are in English and Spanish. |
| 563 ## - BINDING INFORMATION |
| Binding note |
HB |
| 600 10 - SUBJECT ADDED ENTRY--PERSONAL NAME |
| Personal name |
Walker, Alice, |
| Dates associated with a name |
1944- |
| Form subdivision |
Translations into Spanish. |
| 9 (RLIN) |
94767 |
| 650 #7 - SUBJECT ADDED ENTRY--TOPICAL TERM |
| Topical term or geographic name entry element |
POETRY / American / African American. |
| Source of heading or term |
bisacsh |
| 9 (RLIN) |
94768 |
| 700 1# - ADDED ENTRY--PERSONAL NAME |
| Personal name |
García Verdecia, Manuel, |
| Dates associated with a name |
1953- |
| Relator term |
translator. |
| 9 (RLIN) |
94769 |
| 700 12 - ADDED ENTRY--PERSONAL NAME |
| Personal name |
Walker, Alice, |
| Dates associated with a name |
1944- |
| Title of a work |
Poems. |
| Form subheading |
Selections. |
| 9 (RLIN) |
94770 |
| 700 12 - ADDED ENTRY--PERSONAL NAME |
| Personal name |
Walker, Alice, |
| Dates associated with a name |
1944- |
| Title of a work |
Poems. |
| Form subheading |
Selections. |
| Language of a work |
Spanish. |
| 9 (RLIN) |
94771 |
| 776 08 - ADDITIONAL PHYSICAL FORM ENTRY |
| Relationship information |
Online version: |
| Main entry heading |
Walker, Alice, 1944- author. |
| Title |
Taking the arrow out of the heart |
| Edition |
First 37 Ink/Atria Books hardcover edition |
| Place, publisher, and date of publication |
New York : 37 Ink/Atria Books, 2018 |
| International Standard Book Number |
9781501179549 |
| Record control number |
(DLC) 2018048070 |
| 906 ## - LOCAL DATA ELEMENT F, LDF (RLIN) |
| a |
7 |
| b |
cbc |
| c |
orignew |
| d |
1 |
| e |
ecip |
| f |
20 |
| g |
y-gencatlg |
| 942 ## - ADDED ENTRY ELEMENTS (KOHA) |
| Source of classification or shelving scheme |
|
| Koha item type |
Lincoln Corner |